Λεξικό νεοελληνικής λογοτεχνίας : πρόσωπα, έργα, ρεύματα, όροι

Αποθηκεύτηκε σε:
Λεπτομέρειες βιβλιογραφικής εγγραφής
Μορφή: Βιβλίο
Γλώσσα:Greek
Δημοσίευση: Αθήνα : Πατάκης, 2013
Έκδοση:Το παράρτημα της Ρόδου έχει την πέμπτη εκτύπωση, Απρίλιος 2013
Θέματα:
Ετικέτες: Προσθήκη ετικέτας
Δεν υπάρχουν, Καταχωρήστε ετικέτα πρώτοι!

MARC

LEADER 00000nam a2200000 i 4500
001 1/38451
008 131119s2007 gre d
020 |a 978-960-16-2237-8 
035 |l 10116022 
040 |a GR-MY-UA  |b gre  |e aacr 
041 0 |a gre 
082 0 |a 889.03  |2 (22) 
245 1 0 |a Λεξικό νεοελληνικής λογοτεχνίας :  |b πρόσωπα, έργα, ρεύματα, όροι 
250 |a Το παράρτημα της Ρόδου έχει την πέμπτη εκτύπωση, Απρίλιος 2013 
260 |a Αθήνα :   |b Πατάκης,   |c 2013 
300 |a xxxix, 2459 σ.;  |c 29 εκ. 
650 0 0 |a Greek literature, Modern  |x Bibliography. 
650 0 0 |a Greek literature, Modern  |x Dictionaries. 
852 |a INST  |b RHODES  |c EUDOXUS  |e 20131119  |h 889.03 ΛΕΞ  |p 005400035802  |q 005400035802  |t EDX  |y 0 
901 |a BIBL4-2013-3 
909 |a Ρ  |b 182311 
920 |a ΕΥΔΟΞΟΣ  |b ΠΑΡΑΓΓΕΛΙΑ  |y ΡΟΔΟΣ-ΠΤΔΕ  |z 2013-05 
922 |a 4ΕΛΗ 
970 |z 2013/11/19